[Event "SVK-ch U14"]
[Site "Stara Lubovna"]
[Date "2021.07.03"]
[Round "9"]
[White "Vargosko, Juraj"]
[Black "Koska, Jiri"]
[Result "1-0"]
[WhiteElo "1679"]
[BlackElo "1577"]
[PlyCount "79"]
[EventDate "2021.06.26"]
[EventType "swiss"]
[EventRounds "9"]
[EventCountry "SVK"]
[SourceTitle "CBM 203 Extra"]
[Source "ChessBase"]
[SourceDate "2021.09.30"]
[SourceVersion "1"]
[SourceVersionDate "2021.09.30"]
[SourceQuality "1"]

1. d4 Nf6 2. c4 c5 3. e3 g6 4. Nc3 Bg7 5. Nf3 0-0 6. Be2 d6 7. Bd2 Bg4 8. h3 Bxf3 9. Bxf3 Nc6 10. Ne2 Qb6 11. Bc3 Rac8 12. 0-0 Rfe8 13. a3 Na5 14. Bxa5 Qxa5 15. Qc2 Qc7 16. Rac1 cxd4 17. Nxd4 Nd7 18. Nb5 Qb6 19. b4 Ne5 20. Qe2 Nxf3+ 21. Qxf3 a6 22. Nd4 Rc7 23. Rfd1 Rec8 24. Qe2 Qa7 25. Nb3 b5 26. cxb5 Rxc1 27. Rxc1 Rxc1+ 28. Nxc1 axb5 29. Qxb5 Qxa3 30. Nd3 Bf6 31. Qc4 Qa7 32. b5 Qb6 33. Qc6 Qa5 34. b6 Be5 35. Nxe5 Qa1+ 36. Kh2 Qxe5+ 37. g3 d5 38. b7 Qb2 39. Kg2 Qb4 40. Qxd5 1-0

[Event "SVK-ch U14"]
[Site "Stara Lubovna"]
[Date "2021.06.26"]
[Round "1"]
[White "Lanza, Matej"]
[Black "Koska, Jiri"]
[Result "0-1"]
[WhiteElo "1099"]
[BlackElo "1577"]
[PlyCount "108"]
[EventDate "2021.06.26"]
[EventType "swiss"]
[EventRounds "9"]
[EventCountry "SVK"]
[SourceTitle "CBM 203 Extra"]
[Source "ChessBase"]
[SourceDate "2021.09.30"]
[SourceVersion "1"]
[SourceVersionDate "2021.09.30"]
[SourceQuality "1"]

1. d4 Nf6 2. Nf3 g6 3. Nc3 d5 4. Bf4 Bg7 5. e3 c6 6. Bd3 0-0 7. 0-0 Nbd7 8. h3 Re8 9. Re1 a6 10. Qd2 c5 11. b3 cxd4 12. exd4 e6 13. Kh1 Nb8 14. Re2 Nc6 15. Rae1 Bd7 16. Ne5 Rc8 17. Nxc6 Bxc6 18. Kg1 Nd7 19. Be5 Nxe5 20. dxe5 Bd7 21. Na4 Bxa4 22. bxa4 Qb6 23. Qe3 Qxe3 24. Rxe3 Rc5 25. f3 Ra5 26. c3 Rxa4 27. R1e2 Rc8 28. Rc2 Bf8 29. Kh1 Ra3 30. Be2 d4 31. Rd3 Raxc3 32. Rdxc3 Rxc3 33. Rxc3 dxc3 34. Bd3 Bc5 35. Kh2 b5 36. f4 b4 37. Kg3 a5 38. Bc2 Kf8 39. Kf3 Ke7 40. Ke4 Kd7 41. Kd3 Kc6 42. Kc4 Bf2 43. g4 Bg3 44. f5 exf5 45. gxf5 Bxe5 46. fxg6 hxg6 47. Be4+ Kb6 48. Bc2 f5 49. Bd3 f4 50. Kb3 g5 51. Be2 Kc5 52. Kc2 Kd4 53. Bg4 Ke3 54. Kb3 f3 0-1

[Event "Liptovsky Jan Slovak op U2200"]
[Site "Liptovsky Jan"]
[Date "2021.06.20"]
[Round "7"]
[White "Bochnickova, Andrea"]
[Black "Koska, Jiri"]
[Result "1-0"]
[WhiteElo "2139"]
[BlackElo "1577"]
[PlyCount "65"]
[EventDate "2021.06.17"]
[EventType "swiss"]
[EventRounds "7"]
[EventCountry "SVK"]
[SourceTitle "CBM 203 Extra"]
[Source "ChessBase"]
[SourceDate "2021.09.30"]
[SourceVersion "1"]
[SourceVersionDate "2021.09.30"]
[SourceQuality "1"]

1. e4 c6 2. d4 d5 3. exd5 cxd5 4. Bd3 Nc6 5. c3 Qc7 6. Bg5 e6 7. Nf3 Bd6 8. Nbd2 Nge7 9. Bh4 0-0 10. Bg3 Bd7 11. Qe2 a6 12. Bxd6 Qxd6 13. h4 f6 14. 0-0-0 e5 15. dxe5 fxe5 16. Kb1 e4 17. Nxe4 dxe4 18. Bc4+ Nd5 19. Rxd5 Qb8 20. Rxd7+ Kh8 21. Qxe4 Rf4 22. Qd5 Qf8 23. Rd1 h6 24. Rxb7 Rd8 25. Rd7 Rxd7 26. Qxd7 Rxc4 27. Re1 Nb8 28. Qe6 Rf4 29. Re5 Kh7 30. h5 Qf6 31. Qd5 Nd7 32. Qd3+ Kh8 33. Qxd7 1-0

[Event "Liptovsky Jan Slovak op U2200"]
[Site "Liptovsky Jan"]
[Date "2021.06.20"]
[Round "6"]
[White "Koska, Jiri"]
[Black "Bracok, Stefan"]
[Result "1/2-1/2"]
[WhiteElo "1577"]
[BlackElo "1784"]
[PlyCount "143"]
[EventDate "2021.06.17"]
[EventType "swiss"]
[EventRounds "7"]
[EventCountry "SVK"]
[SourceTitle "CBM 203 Extra"]
[Source "ChessBase"]
[SourceDate "2021.09.30"]
[SourceVersion "1"]
[SourceVersionDate "2021.09.30"]
[SourceQuality "1"]

1. e4 c6 2. Nf3 d5 3. Nc3 d4 4. Ne2 c5 5. c3 Nc6 6. cxd4 cxd4 7. Qa4 Bg4 8. Nexd4 Bd7 9. Nxc6 Bxc6 10. Bb5 Bxb5 11. Qxb5+ Qd7 12. Qxd7+ Kxd7 13. b3 f6 14. Bb2 e5 15. Rc1 Bd6 16. Ke2 Ne7 17. Rc3 Nc6 18. a3 a5 19. Rhc1 Rac8 20. R3c2 g5 21. Ke3 Ne7 22. d4 exd4+ 23. Nxd4 Bf4+ 24. Ke2 Bxc1 25. Rxc1 Rxc1 26. Bxc1 Rc8 27. Bb2 f5 28. Kd3 fxe4+ 29. Kxe4 Nc6 30. Nf3 g4 31. Ng5 h6 32. Nh7 Ke6 33. Nf6 Rf8 34. Nxg4 h5 35. Nf6 Rxf6 36. Bxf6 Kxf6 37. Kd5 Ke7 38. f4 Kd7 39. Kc5 Kc7 40. g3 Ne7 41. h3 b6+ 42. Kb5 Nf5 43. g4 Nd6+ 44. Ka6 h4 45. g5 Kc6 46. g6 Nf5 47. a4 Ng7 48. Ka7 Nf5 49. Ka6 Kc5 50. Kb7 b5 51. axb5 Kxb5 52. Kc7 Kb4 53. Kd7 Kxb3 54. Ke6 Nh6 55. f5 a4 56. f6 a3 57. f7 Nxf7 58. gxf7 a2 59. f8Q a1Q 60. Qb8+ Kc4 61. Qc7+ Kd3 62. Qh7+ Ke3 63. Qxh4 Qa6+ 64. Kf5 Qc8+ 65. Kg6 Qe8+ 66. Kg5 Qe7+ 67. Kh5 Qxh4+ 68. Kxh4 Kf4 69. Kh5 Kf5 70. Kh6 Kf6 71. h4 Kf7 72. Kh7 1/2-1/2